Stredoškolská mládež a drogy = Secondary school juveniles and drugs : Diplomová práca

Saved in:
Bibliographic Details
Main Author: Gregoríková, Elena (Author)
Other Authors: Manniová, Jolana, 1949- (xxx)
Format: Manuscript Book
Language:Slovak
Published: Trnava : STU v Bratislave MTF UIPH, 2009
Subjects:
Tags: Add Tag
No Tags, Be the first to tag this record!

MARC

LEADER 00000ntm a22000003a 4500
001 stu198826
005 20160719160105.3
008 100122s2009----xo------------------slo-d
040 |a STU  |b slo 
041 0 |a slo 
044 |a xo 
100 1 |a Gregoríková, Elena  |4 aut 
245 1 |a Stredoškolská mládež a drogy = Secondary school juveniles and drugs :  |b Diplomová práca 
260 |a Trnava :  |b STU v Bratislave MTF UIPH,  |c 2009 
300 |a 68 s  |c Prílohy + 1 CD-ROM 
500 |a Študijný program: učiteľstvo technických profesijných predmetov 
500 |a Študijný odbor: 1.1.2 učiteľstvo profesijných predmetov a praktickej prípravy 
650 7 |a drogy  |2 stusub 
650 7 |a drogové závislosti  |2 stusub 
650 7 |a návykové látky  |2 stusub 
700 1 |a Manniová, Jolana,  |d 1949-  |4 xxx  |X 61776  |7 A000061776 
996 |b 284M077810  |c M*DP-8841  |l MMSKP  |s P  |a 0  |w stu198826_0001